Problems of plasticity ; papers contributed ... /
| Corporate Authors: | , |
|---|---|
| Other Authors: | |
| Format: | Conference Proceeding Book |
| Language: | English French |
| Published: |
Leyden :
Noordhoff International,
[1974]
|
| Series: | Monographs and text-books on mechanics of solids and fluids
Mechanics of plastic solids, v. 2 |
| Subjects: |
MARC
| Tag | First Indicator | Second Indicator | Subfields |
|---|---|---|---|
| LEADER | 00000cam a2200000 4500 | ||
| 001 | in00000336308 | ||
| 005 | 20151011055102.0 | ||
| 008 | 740827s1974 ne b 10000 eng | ||
| 010 | |a 73085410 | ||
| 015 | |a Ne*** | ||
| 020 | |a 902860233X | ||
| 035 | |a (OCoLC)01046736 | ||
| 035 | |9 ABM2133AM | ||
| 040 | |a DLC |c DLC |d TXA |d UtOrBLW | ||
| 041 | 0 | |a eng |a fre | |
| 049 | |a TXAM |c [1394949] | ||
| 050 | 0 | 0 | |a QA931 |b .I49 1972 |
| 082 | 0 | |a 531/.3825 | |
| 111 | 2 | |a International Symposium on Foundations of Plasticity |d (1972 : |c Warsaw) | |
| 245 | 1 | 0 | |a Problems of plasticity ; |b papers contributed ... / |c Warsaw, August 30-September 2, 1972. Edited by A. Sawczuk. |
| 264 | 1 | |a Leyden : |b Noordhoff International, |c [1974] | |
| 300 | |a xxvii, 540 pages : |b illustrations ; |c 23 cm. | ||
| 336 | |a text |b txt |2 rdacontent | ||
| 337 | |a unmediated |b n |2 rdamedia | ||
| 338 | |a volume |b nc |2 rdacarrier | ||
| 490 | 0 | |a Monographs and text-books on mechanics of solids and fluids | |
| 490 | 0 | |a Mechanics of plastic solids, v. 2 | |
| 500 | |a English or French. | ||
| 500 | |a Symposium sponsored by the Polish Academy of Sciences. | ||
| 504 | |a Includes bibliographies. | ||
| 650 | 0 | |a Plasticity |v Congresses. | |
| 700 | 1 | |a Sawczuk, A. |q (Antoni) | |
| 710 | 2 | |a Polska Akademia Nauk. | |
| 999 | |a MARS | ||
| 999 | f | f | |s f11a8b00-ddba-38b8-9a85-0bd8cccb4f7f |i c54e1235-41f2-30cc-9f29-5ffd3b99613c |t 0 |
| 952 | f | f | |p normal |a Texas A&M University |b College Station |c Sterling C. Evans Library |d Evans: Library Stacks |t 0 |e QA931 .I49 1972 |h Library of Congress classification |i unmediated -- volume |m A14804568861 |
| 998 | f | f | |a QA931 .I49 1972 |t 0 |l Evans: Library Stacks |